Journal of Heterocyclic Chemistry: The International Journal of Heterocyclic Chemistry (Record no. 9755)
[ view plain ]
| 000 -LEADER | |
|---|---|
| fixed length control field | 00575cas a2200157 4500 |
| 008 - FIXED-LENGTH DATA ELEMENTS--GENERAL INFORMATION | |
| fixed length control field | 150813n eng u |
| 022 ## - INTERNATIONAL STANDARD SERIAL NUMBER | |
| International Standard Serial Number | 0022152X |
| 035 ## - SYSTEM CONTROL NUMBER | |
| System control number | (Sirsi) a191596 |
| 050 ## - LIBRARY OF CONGRESS CALL NUMBER | |
| Classification number | QD400.J6H4C5 |
| 245 ## - TITLE STATEMENT | |
| Title | Journal of Heterocyclic Chemistry: The International Journal of Heterocyclic Chemistry |
| 260 ## - PUBLICATION, DISTRIBUTION, ETC. | |
| Place of publication, distribution, etc. | Provo |
| Name of publisher, distributor, etc. | Parish Chemical Company |
| Date of publication, distribution, etc. | 1974 |
| 310 ## - CURRENT PUBLICATION FREQUENCY | |
| Current publication frequency | Annually |
| 362 ## - DATES OF PUBLICATION AND/OR SEQUENTIAL DESIGNATION | |
| Dates of publication and/or sequential designation | Vol. 11, No. 1, 1974 - Vol. 13, No. 6, 1976 |
| 520 ## - SUMMARY, ETC. | |
| Summary, etc. | It contains articles in communications, notes from chemists of research in heterocyclic chemistry |
| 650 ## - SUBJECT ADDED ENTRY--TOPICAL TERM | |
| Topical term or geographic name entry element | Science |
| Withdrawn status | Lost status | Source of classification or shelving scheme | Damaged status | Not for loan | Home library | Current library | Shelving location | Total Checkouts | Full call number | Barcode | Date last seen | Copy number | Price effective from | Koha item type |
|---|---|---|---|---|---|---|---|---|---|---|---|---|---|---|
| Library of Congress Classification | Main Library | Main Library | Serials | QD400.J6H4C5 | 152X1111974 | 08/12/2019 | 1 | 08/12/2019 | Periodical | |||||
| Library of Congress Classification | Main Library | Main Library | Serials | QD400.J6H4C5 | 152X1361976 | 08/12/2019 | 2 | 08/12/2019 | Periodical |